Language Quiz

Random Language or Puzzle Quiz
Score 0/12 Timer 06:00
0 Plays Today
% Correct
Y - Mahogany
89.8%
K - Drinking
88%
A - Allowing
80.6%
E - Requests
80.1%
V - Heavenly
79.6%
D - Sandwich
78.9%
J - Jurassic
78.9%
L - Lunatics
76.5%
M- Termites
74.6%
P - Decipher
74.1%
C - Occupant
70.5%
O - Vindaloo
68.2%
Remove Ads.
Support Sporcle.
Get the best of Sporcle when you Go Orange. This ad-free experience offers more features, more stats, and more fun while also helping to support Sporcle. Thank you for becoming a member.

You're not logged in!

Compare scores with friends on all Sporcle quizzes.
OR
Log In

Show Comments

Extras

Top Quizzes Today


Score Distribution

Your Account Isn't Verified!

In order to create a playlist on Sporcle, you need to verify the email address you used during registration. Go to your Sporcle Settings to finish the process.

Report this User

Report this user for behavior that violates our Community Guidelines.

Details: